000 00606nam a2200181 a 4500
001 6899
003 CO-ViMGA
008 141112s2004 ck r 000 u spa d
020 _a9586352269
040 _aCO-ViMGA
_bspa
_cCO-ViMGA
082 0 4 _a346.063 G45
100 1 _aGil Echeverry, Jorge Hernan
_95902
245 1 0 _aNuevo regimen societario :
_bel objeto social y la capacidad social de las asambleas y juntas de socios de la nulidad de la sociedad
260 _aSantafé de Bogotá :
_bLibreria del profesional,
_c1996
300 _a354 p
650 1 4 _aSOCIEDADES - LEGISLACION
_95903
942 _2ddc
_cBK
999 _c18867
_d18867